Japanamerica : How Japanese pop culture has invaded the U.S.

May the G-force be with you -- Atom boys -- The business of anime -- Toy story -- Japan’s IP problem -- Strange transformations -- Cosplay and otakudom : the draw of DIY -- Future shocks -- Anime appeals.

Đã lưu trong:
Bibliografiske detaljer
Hovedforfatter: Kelts, Roland
Format: Bog
Sprog:Undetermined
Udgivet: New York Palgrave Macmillan 2006
Fag:
Tags: Tilføj Tag
Ingen Tags, Vær først til at tagge denne postø!
Thư viện lưu trữ: Trung tâm Học liệu Trường Đại học Cần Thơ
LEADER 00804nam a2200217Ia 4500
001 CTU_187263
008 210402s9999 xx 000 0 und d
082 |a 303.48 
082 |b K29 
100 |a Kelts, Roland 
245 0 |a Japanamerica : 
245 0 |b How Japanese pop culture has invaded the U.S. 
245 0 |c Roland Kelts 
260 |a New York 
260 |b Palgrave Macmillan 
260 |c 2006 
520 |a May the G-force be with you -- Atom boys -- The business of anime -- Toy story -- Japan’s IP problem -- Strange transformations -- Cosplay and otakudom : the draw of DIY -- Future shocks -- Anime appeals. 
650 |a Popular culture,Phổ biến văn hóa 
650 |z Japan,Nhật Bản 
904 |i Qhieu 
980 |a Trung tâm Học liệu Trường Đại học Cần Thơ